Statystyki dla Wszystkie państwa, które niegdyś należały do danych imperiów

Kliknij tutaj aby rozwiązać quiz!

Ogólne statystyki

  • Ten quiz został rozwiązany 99 razy
  • Średni wynik to 19 z 30

Statystyki odpowiedzi

ImperiumPaństwo% Poprawnych
Cesarstwo QingChiny
92%
III Rzesza przed
tuż przed
wybuchem wojny
Austria
88%
Mongolia
87%
Brazylia
86%
Peru
85%
Czechy
83%
Chile
81%
Ekwador
80%
Kolumbia
80%
InkówArgentyna
76%
Niemcy
76%
Boliwia
74%
Rosja
73%
Indie
72%
Mali
72%
Niger
64%
Mauretania
63%
Senegal
58%
PortugalskieAngola
55%
MaliBurkina Faso
50%
Gambia
50%
Gwinea
48%
Mozambik
47%
Wybrzeże
Kości Słoniowej
45%
Litwa
43%
Gwinea Bissau
37%
Mjanma
36%
Republika
Zielonego Przylądka
33%
Timor Wschodni
30%
Tadżykistan
24%

Rozkład punktacji

Percentyl według liczby udzielonych odpowiedzi

Procent ludzi z każdym wynikiem

Twoja historia wyników

Nie rozwiązałeś tego quizu